| 000 | 00681cab a2200241 4500 | ||
|---|---|---|---|
| 001 | ABS49170 | ||
| 008 | 090401t1993 xxu||||| |||| 00| 0 eng d | ||
| 035 | _a(Sirsi) u70249 | ||
| 041 | _aeng | ||
| 100 | _aMorrison, D. | ||
| 245 | _aRoom at the top | ||
| 260 | _c1993 | ||
| 350 | _a0 | ||
| 490 |
_aEstates Gazette _v(9331) 7 August 1993, 76(1) |
||
| 520 | _aAssesses the implications of the first letting of converted accommodation above a shop under the Spare Space? campaign. | ||
| 650 | _aHAYWARDS HEATH | ||
| 650 | _aHOMELESSNESS | ||
| 650 | _aLIVING ABOVE THE SHOP | ||
| 650 | _aSPARE SPACE CAMPAIGN | ||
| 690 | _aHOUSING | ||
| 942 | _n0 | ||
| 948 | _c04/03/1997 | ||
| 999 |
_c44180 _d44180 |
||